[Event "Havana Province-ch 1st Cat"]
[Site "Havana"]
[Date "2010.11.02"]
[Round "13"]
[White "Agra Caballero, Ariel"]
[Black "Vilela de Acuna, Jose Luis"]
[Result "1-0"]
[WhiteElo "2274"]
[BlackElo "2326"]
[PlyCount "81"]
[EventDate "2010.10.19"]
[EventType "tourn"]
[EventRounds "17"]
[EventCountry "CUB"]
[EventCategory "5"]
[SourceTitle "EXT 2019"]
[Source "ChessBase"]
[SourceDate "2018.10.10"]
[SourceVersion "1"]
[SourceVersionDate "2018.10.10"]
[SourceQuality "1"]

1. d4 Nf6 2. c4 e6 3. Nc3 Bb4 4. Qc2 Nc6 5. Nf3 d6 6. a3 Bxc3+ 7. Qxc3 0-0 8. Bg5 h6 9. Bh4 g5 10. Bg3 Ne4 11. Qd3 f5 12. e3 Qf6 13. 0-0-0 Ne7 14. Ne1 e5 15. f3 Nxg3 16. hxg3 f4 17. gxf4 exf4 18. e4 Kg7 19. Nc2 c5 20. Be2 Nc6 21. Rd2 Rf7 22. Qc3 Bd7 23. Rhd1 Be8 24. b4 b6 25. b5 Nxd4 26. Nxd4 cxd4 27. Qxd4 Rc8 28. Kb1 Qxd4 29. Rxd4 Rfc7 30. Rxd6 Bf7 31. R1d4 Bxc4 32. Bxc4 Rxc4 33. Rd7+ Kg6 34. Rxc4 Rxc4 35. Rxa7 g4 36. Rb7 gxf3 37. Rxb6+ Kg5 38. gxf3 Rc3 39. Kb2 Rxf3 40. Rb8 Re3 41. b6 1-0

[Event "Havana Province-ch 1st Cat"]
[Site "Havana"]
[Date "2010.10.28"]
[Round "9"]
[White "Agra Caballero, Ariel"]
[Black "Garcia Pantoja, Roberto"]
[Result "0-1"]
[WhiteElo "2274"]
[BlackElo "2410"]
[PlyCount "82"]
[EventDate "2010.10.19"]
[EventType "tourn"]
[EventRounds "17"]
[EventCountry "CUB"]
[EventCategory "5"]
[SourceTitle "EXT 2019"]
[Source "ChessBase"]
[SourceDate "2018.10.10"]
[SourceVersion "1"]
[SourceVersionDate "2018.10.10"]
[SourceQuality "1"]

1. d4 Nf6 2. Nf3 g6 3. g3 Bg7 4. Bg2 0-0 5. 0-0 d6 6. Nc3 Nc6 7. d5 Nb4 8. a3 Na6 9. e4 e5 10. Be3 c6 11. Qc1 Nc7 12. Bg5 cxd5 13. exd5 Qe8 14. Nh4 Bd7 15. Re1 Nh5 16. Bh6 f5 17. Bxg7 Kxg7 18. Qd2 Qd8 19. Bf1 Na6 20. Be2 Nf6 21. Ng2 Rc8 22. Ne3 Nc5 23. Bf3 b5 24. Ng2 Qc7 25. Qe3 a5 26. Nd1 Nce4 27. Bxe4 Nxe4 28. f3 Nf6 29. Nf2 Qxc2 30. Rad1 Qxb2 31. Qa7 Qxa3 32. f4 Ra8 33. Qb6 Rfb8 34. Qc7 Rc8 35. Qb7 e4 36. g4 Rab8 37. Qa6 Qc5 38. Qxa5 Nxg4 39. Qa1+ Kf7 40. Rd4 Ra8 41. Qb2 Ra2 0-1

[Event "Havana Province-ch 1st Cat"]
[Site "Havana"]
[Date "2010.10.22"]
[Round "4"]
[White "Agra Caballero, Ariel"]
[Black "Lopez Vilier, Luis Angel"]
[Result "0-1"]
[WhiteElo "2274"]
[BlackElo "2284"]
[PlyCount "104"]
[EventDate "2010.10.19"]
[EventType "tourn"]
[EventRounds "17"]
[EventCountry "CUB"]
[EventCategory "5"]
[SourceTitle "EXT 2019"]
[Source "ChessBase"]
[SourceDate "2018.10.10"]
[SourceVersion "1"]
[SourceVersionDate "2018.10.10"]
[SourceQuality "1"]

1. d4 d5 2. Nf3 e6 3. c4 Nf6 4. Nc3 Bb4 5. a3 Be7 6. Bf4 0-0 7. e3 c6 8. Bd3 Nbd7 9. h3 b6 10. 0-0 Bb7 11. Qe2 c5 12. cxd5 cxd4 13. Nxd4 exd5 14. Bb5 Rc8 15. Rad1 Nc5 16. Nf5 a6 17. Bd3 Nxd3 18. Qxd3 Re8 19. Bg5 Bf8 20. Ne2 h6 21. Bh4 g6 22. Qd4 Rc6 23. Bxf6 Rxf6 24. Nfg3 Bg7 25. Qd3 Rd6 26. Nd4 Be5 27. b4 Qe7 28. Nge2 Rd7 29. Rc1 Qf6 30. Nf3 Bb8 31. Qd4 Qd6 32. Rfd1 Kh7 33. Ng3 Bc7 34. Rc2 Bd8 35. Qf4 Qxf4 36. exf4 Bc7 37. f5 Bxg3 38. fxg3 gxf5 39. Rf2 Re3 40. Re1 d4 41. Rd1 Bxf3 42. Rxf3 Rxf3 43. gxf3 f4 44. g4 Kg6 45. Kf2 d3 46. h4 f5 47. Ke1 fxg4 48. fxg4 h5 49. g5 Kf5 50. Kd2 f3 51. Rg1 Kf4 52. g6 f2 0-1

[Event "Maria Teresa Mora Memorial IM1"]
[Site "Havana"]
[Date "2010.03.15"]
[Round "10"]
[White "Agra Caballero, Ariel"]
[Black "Ramon Pita, Vivian"]
[Result "1-0"]
[WhiteElo "2248"]
[BlackElo "2254"]
[PlyCount "89"]
[EventDate "2010.03.05"]
[EventType "tourn"]
[EventRounds "10"]
[EventCountry "CUB"]
[SourceTitle "EXT 2019"]
[Source "ChessBase"]
[SourceDate "2018.10.10"]
[SourceVersion "1"]
[SourceVersionDate "2018.10.10"]
[SourceQuality "1"]

1. d4 c5 2. d5 e5 3. Nc3 d6 4. e4 a6 5. a4 Be7 6. Bd3 Bg5 7. Nge2 Bxc1 8. Qxc1 b6 9. Ng3 g6 10. 0-0 Nd7 11. Be2 h5 12. Re1 Nh6 13. Nf1 Ng4 14. f3 Ndf6 15. Ne3 Nh7 16. Nc4 Qf6 17. f4 exf4 18. Rf1 g5 19. g3 Rb8 20. gxf4 gxf4 21. Kh1 Ng5 22. Rxf4 Qg6 23. Rf5 Rg8 24. Nxd6+ Ke7 25. e5 f6 26. Bd3 fxe5 27. Rxe5+ Nxe5 28. Bxg6 Rxg6 29. Nxc8+ Rxc8 30. Qf4 Ngf3 31. d6+ Kxd6 32. Rd1+ Ke6 33. Qe4 Rcg8 34. Ne2 Rg4 35. Qd5+ Kf6 36. Rf1 Ke7 37. Rxf3 Nxf3 38. Qxf3 Rf8 39. Qb7+ Ke8 40. Ng3 Rf6 41. Kg2 Rfg6 42. Kh3 Rxa4 43. Nf5 Kf8 44. Qe7+ Kg8 45. Qe8+ 1-0

[Event "Havana Provincial-ch final"]
[Site "Havana"]
[Date "2009.10.28"]
[Round "10"]
[White "Agra Caballero, Ariel"]
[Black "Gil Martinez, Jose Luis"]
[Result "0-1"]
[WhiteElo "2246"]
[BlackElo "2297"]
[PlyCount "74"]
[EventDate "2009.10.16"]
[EventType "tourn"]
[EventRounds "17"]
[EventCountry "CUB"]
[SourceTitle "CBM 133 Extra"]
[Source "ChessBase"]
[SourceDate "2010.01.05"]
[SourceVersion "1"]
[SourceVersionDate "2010.01.05"]
[SourceQuality "1"]

1. d4 d5 2. c4 e6 3. Nf3 Nf6 4. Bg5 h6 5. Bh4 g5 6. Bg3 Ne4 7. Nc3 Bb4 8. Rc1 h5 9. Qa4+ Nc6 10. Ne5 Bd7 11. Nxc6 Bxc3+ 12. bxc3 Bxc6 13. Qc2 h4 14. Be5 f6 15. f3 fxe5 16. fxe4 dxe4 17. e3 g4 18. Be2 Qg5 19. Qd2 Rf8 20. Rf1 0-0-0 21. Rb1 g3 22. h3 Rxf1+ 23. Kxf1 Qf5+ 24. Kg1 Qf2+ 25. Kh1 Rf8 26. Rg1 Be8 27. Qd1 Qxe3 28. Bg4 exd4 29. Bxe6+ Kb8 30. cxd4 Qd3 31. Qe1 e3 32. Bd5 a5 33. Qb1 Qxb1 34. Rxb1 Bg6 35. Re1 Rf2 36. c5 Bd3 37. Bf3 Rf1+ 0-1

[Event "Havana Provincial-ch final"]
[Site "Havana"]
[Date "2009.10.19"]
[Round "2"]
[White "Agra Caballero, Ariel"]
[Black "Larrua Gonzalez, Fernando Oscar"]
[Result "0-1"]
[WhiteElo "2246"]
[BlackElo "2255"]
[PlyCount "104"]
[EventDate "2009.10.16"]
[EventType "tourn"]
[EventRounds "17"]
[EventCountry "CUB"]
[SourceTitle "CBM 133 Extra"]
[Source "ChessBase"]
[SourceDate "2010.01.05"]
[SourceVersion "1"]
[SourceVersionDate "2010.01.05"]
[SourceQuality "1"]

1. d4 d5 2. Nf3 Nf6 3. c4 c6 4. Qc2 e6 5. Bg5 Nbd7 6. Nbd2 Be7 7. e3 Ne4 8. Bxe7 Qxe7 9. Nxe4 dxe4 10. Nd2 f5 11. Be2 0-0 12. 0-0-0 e5 13. c5 exd4 14. exd4 Nf6 15. Nc4 Be6 16. Ne5 Nd5 17. Bc4 Qg5+ 18. Kb1 Rae8 19. h4 Qh5 20. Ka1 Nf6 21. Bxe6+ Rxe6 22. Qb3 Qe8 23. Qxb7 Re7 24. Qa6 Nd5 25. a3 f4 26. Qc4 Kh8 27. h5 Re6 28. Qe2 Rxe5 29. dxe5 Qxe5 30. Rhe1 Rb8 31. Qd2 e3 32. fxe3 fxe3 33. Qd4 Qxh5 34. g4 Qg5 35. Qe4 Qf6 36. Qd4 Qg5 37. Qe4 Qf6 38. Qd4 Qg5 39. Qe4 Nc3 40. Qf5 Qxf5 41. gxf5 Nxd1 42. Rxd1 Kg8 43. Kb1 e2 44. Re1 Re8 45. b4 Kf7 46. Kc2 Kf6 47. Kd3 Kxf5 48. Rxe2 Rxe2 49. Kxe2 Ke5 50. Kf3 h5 51. Kg3 g5 52. Kf3 Kd5 0-1

[Event "Havana"]
[Site "Havana"]
[Date "2009.07.03"]
[Round "12"]
[White "Agra Caballero, Ariel"]
[Black "Charon Mustelier, Manuel"]
[Result "0-1"]
[WhiteElo "2247"]
[BlackElo "2239"]
[PlyCount "76"]
[EventDate "2009.06.22"]
[EventType "tourn"]
[EventRounds "15"]
[EventCountry "CUB"]
[EventCategory "1"]
[SourceTitle "CBM 131 Extra"]
[Source "ChessBase"]
[SourceDate "2009.09.03"]
[SourceVersion "2"]
[SourceVersionDate "2009.09.16"]
[SourceQuality "1"]

1. d4 Nf6 2. Nf3 g6 3. c3 Bg7 4. Bg5 0-0 5. Nbd2 d5 6. e3 b6 7. Be2 Bb7 8. 0-0 Nbd7 9. b4 c5 10. bxc5 bxc5 11. Qa4 c4 12. Rab1 Nb6 13. Qb4 Re8 14. Ne5 Nfd7 15. Nxd7 Qxd7 16. a4 Bc6 17. a5 Nc8 18. e4 e6 19. Nf3 f6 20. Be3 Bf8 21. Qb2 Qc7 22. e5 f5 23. Qa1 a6 24. h4 Na7 25. h5 Nb5 26. hxg6 hxg6 27. g3 Qe7 28. Bc1 Rab8 29. Kg2 Rb7 30. Rh1 Qd8 31. Bg5 Be7 32. Rh3 Bxg5 33. Rbh1 Rg7 34. Qg1 Kf7 35. Qh2 Be7 36. Nd2 Nxc3 37. Rh7 Reg8 38. Bh5 Ke8 0-1

[Event "Havana"]
[Site "Havana"]
[Date "2009.06.28"]
[Round "7"]
[White "Agra Caballero, Ariel"]
[Black "Larrua Gonzalez, Fernando Oscar"]
[Result "1/2-1/2"]
[WhiteElo "2247"]
[BlackElo "2255"]
[PlyCount "114"]
[EventDate "2009.06.22"]
[EventType "tourn"]
[EventRounds "15"]
[EventCountry "CUB"]
[EventCategory "1"]
[SourceTitle "CBM 131 Extra"]
[Source "ChessBase"]
[SourceDate "2009.09.03"]
[SourceVersion "2"]
[SourceVersionDate "2009.09.16"]
[SourceQuality "1"]

1. d4 d5 2. c4 c6 3. cxd5 cxd5 4. Nc3 Nc6 5. e4 e5 6. Bb5 Bb4 7. Nge2 Nf6 8. 0-0 Bxc3 9. Nxc3 exd4 10. exd5 0-0 11. dxc6 Qb6 12. Qa4 a6 13. Bd3 dxc3 14. cxb7 Qxb7 15. bxc3 Qc7 16. Bg5 Qxc3 17. Rfd1 Bb7 18. Rac1 Qe5 19. Qh4 h6 20. Bxf6 Qxf6 21. Qxf6 gxf6 22. Rc7 Bd5 23. Bh7+ Kxh7 24. Rxd5 Rac8 25. Rxc8 Rxc8 26. Kf1 Kg6 27. Ke2 Rc4 28. Ra5 Rc6 29. g4 Re6+ 30. Kf3 Rc6 31. h4 Re6 32. a4 Rc6 33. h5+ Kg7 34. Ke4 Rc4+ 35. Ke3 Rxg4 36. Rxa6 Rg5 37. Rb6 Rxh5 38. Rb5 Rh4 39. f4 Rh3+ 40. Kd4 Ra3 41. a5 Kg6 42. Kc5 h5 43. Kb6 h4 44. a6 h3 45. a7 h2 46. Rb1 Rb3+ 47. Rxb3 h1Q 48. Rb5 f5 49. Ka6 f6 50. Rb8 Qc6+ 51. Ka5 Qc7+ 52. Ka6 Qc6+ 53. Ka5 Qc5+ 54. Ka6 Qc6+ 55. Ka5 Qc5+ 56. Ka6 Qc6+ 57. Ka5 Qc5+ 1/2-1/2

[Event "Havana"]
[Site "Havana"]
[Date "2009.06.27"]
[Round "6"]
[White "Fernandez Hernandez, Arturo Augusto"]
[Black "Agra Caballero, Ariel"]
[Result "1/2-1/2"]
[WhiteElo "2289"]
[BlackElo "2247"]
[PlyCount "81"]
[EventDate "2009.06.22"]
[EventType "tourn"]
[EventRounds "15"]
[EventCountry "CUB"]
[EventCategory "1"]
[SourceTitle "CBM 131 Extra"]
[Source "ChessBase"]
[SourceDate "2009.09.03"]
[SourceVersion "2"]
[SourceVersionDate "2009.09.16"]
[SourceQuality "1"]

1. e4 e5 2. Bc4 Nf6 3. Qe2 Bc5 4. Nf3 d6 5. c3 Nc6 6. 0-0 0-0 7. d3 h6 8. Bb3 a6 9. Rd1 Re8 10. h3 Ba7 11. Nbd2 Be6 12. Bc2 Qe7 13. Nf1 d5 14. Ng3 Rad8 15. Be3 Bxe3 16. Qxe3 d4 17. cxd4 Nxd4 18. Nxd4 exd4 19. Qd2 c5 20. b3 b5 21. Rac1 c4 22. dxc4 bxc4 23. e5 d3 24. exf6 dxc2 25. Qxc2 Rxd1+ 26. Qxd1 Qxf6 27. bxc4 Rc8 28. Qd6 Rxc4 29. Rxc4 Qa1+ 30. Kh2 Bxc4 31. a3 Qe1 32. Qd4 Qe6 33. Nh5 f6 34. Nf4 Qc6 35. h4 Bf7 36. h5 Qb5 37. a4 Qe5 38. Qd8+ Kh7 39. g3 a5 40. Qd3+ Kg8 41. Qd8+ 1/2-1/2

[Event "Havana"]
[Site "Havana"]
[Date "2009.06.24"]
[Round "3"]
[White "Agra Caballero, Ariel"]
[Black "Lopez, Vilier Luis A"]
[Result "1/2-1/2"]
[WhiteElo "2247"]
[BlackElo "2268"]
[PlyCount "44"]
[EventDate "2009.06.22"]
[EventType "tourn"]
[EventRounds "15"]
[EventCountry "CUB"]
[EventCategory "1"]
[SourceTitle "CBM 131 Extra"]
[Source "ChessBase"]
[SourceDate "2009.09.03"]
[SourceVersion "2"]
[SourceVersionDate "2009.09.16"]
[SourceQuality "1"]

1. Nf3 Nf6 2. c4 e6 3. Nc3 b6 4. e4 Bb7 5. Qc2 d6 6. d4 Nbd7 7. Be2 e5 8. 0-0 exd4 9. Nxd4 g6 10. Bg5 Bg7 11. Rad1 0-0 12. f4 Qe8 13. Bf3 Nc5 14. Rfe1 Ne6 15. Ncb5 Nxd4 16. Nxd4 Nd7 17. Nb5 Qb8 18. Qf2 Nc5 19. f5 Be5 20. Nd4 a5 21. b3 Re8 22. Qh4 Bg7 1/2-1/2

[Event "Havana Rodriguez Memorial 1st"]
[Site "Havana"]
[Date "2007.06.29"]
[Round "4"]
[White "Ragolta Franco, Eduardo"]
[Black "Agra Caballero, Ariel"]
[Result "1/2-1/2"]
[WhiteElo "2272"]
[BlackElo "2196"]
[PlyCount "24"]
[EventDate "2008.06.27"]
[EventType "tourn"]
[EventRounds "14"]
[EventCountry "CUB"]
[SourceTitle "EXT 2019"]
[Source "ChessBase"]
[SourceDate "2018.10.10"]
[SourceVersion "1"]
[SourceVersionDate "2018.10.10"]
[SourceQuality "1"]

1. d4 d5 2. c4 c6 3. Nf3 Nf6 4. cxd5 cxd5 5. Nc3 Nc6 6. Bf4 Bf5 7. e3 e6 8. Bb5 Nd7 9. 0-0 Be7 10. Rc1 0-0 11. h3 h6 12. a3 Rc8 1/2-1/2